Welcome to CU Library Online Public Access Catalogue (OPAC)

Designing qualitative research / (Record no. 5481)

MARC details
000 -LEADER
fixed length control field 00633cam a2200205 a 4500
001 - CONTROL NUMBER
control field 15974416
005 - DATE AND TIME OF LATEST TRANSACTION
control field 20250414193023.0
008 - FIXED-LENGTH DATA ELEMENTS--GENERAL INFORMATION
fixed length control field 091105s2011 caua b 001 0 eng
020 ## - INTERNATIONAL STANDARD BOOK NUMBER
International Standard Book Number 9781412970440 (pbk.)
050 00 - LIBRARY OF CONGRESS CALL NUMBER
Classification number H62
Item number .M277 2011
082 00 - DEWEY DECIMAL CLASSIFICATION NUMBER
Classification number 300.72
Edition information 22
100 1# - MAIN ENTRY--PERSONAL NAME
Personal name Marshall, Catherine,
Dates associated with a name 1946-
245 10 - TITLE STATEMENT
Title Designing qualitative research /
Statement of responsibility, etc. Catherine Marshall, Gretchen B. Rossman.
250 ## - EDITION STATEMENT
Edition statement 5th ed.
260 ## - PUBLICATION, DISTRIBUTION, ETC.
Place of publication, distribution, etc. Los Angeles :
Name of publisher, distributor, etc. Sage,
Date of publication, distribution, etc. c2011.
300 ## - PHYSICAL DESCRIPTION
Extent xxii, 321 p. :
Other physical details ill. ;
Dimensions 23 cm.
650 #0 - SUBJECT ADDED ENTRY--TOPICAL TERM
Topical term or geographic name entry element Social sciences
General subdivision Research
-- Methodology.
700 1# - ADDED ENTRY--PERSONAL NAME
Personal name Rossman, Gretchen B.
942 ## - ADDED ENTRY ELEMENTS (KOHA)
Source of classification or shelving scheme Library of Congress Classification
Koha item type Books
Edition 5th Ed.
Suppress in OPAC No
999 ## -
-- 5481
-- 5481
Holdings
Withdrawn status Lost status Source of classification or shelving scheme Damaged status Not for loan Collection Home library Current library Shelving location Date acquired Total checkouts Full call number Barcode Date last seen Copy number Price effective from Koha item type
    Library of Congress Classification     Non-fiction Business Library (Miotso) Business Library (Miotso) General stacks 04/14/2025   H62 .M277 2011 BSSM00001896 04/14/2025 1 04/14/2025 Books
    Library of Congress Classification     Non-fiction Undergraduate Library (Christ Temple) Undergraduate Library (Christ Temple) General stacks 05/29/2025   H 62.M277 MAR ulct00002711 05/29/2025 1 05/29/2025 Books
    Library of Congress Classification     Non-fiction Undergraduate Library (Christ Temple) Undergraduate Library (Christ Temple) General stacks 09/16/2025   H62.M277 MAR ulct00004811 09/16/2025 1 09/16/2025 Books
    Library of Congress Classification     Non-fiction Undergraduate Library (Christ Temple) Undergraduate Library (Christ Temple) General stacks 09/16/2025   H62.M277 MAR ulct00004812 09/16/2025 2 09/16/2025 Books
© 2023-2024 Copyright: Central University Libraries. All Rights Reserved | Created by: Mahone Tech Office